000 00607nam a2200181Ia 4500
008 140609s9999 xx 000 0 und d
020 _a9780061797415
050 _aLB 1601
_b.K88 2009
100 _aKutscher, Martin L.
245 _aOrganizing the disorganized child :
_bsimple strategies to succeed in school /
_cMartin L. Kutscher and Marcella Moran
260 _aNew York :
_bHarperStudio,
_cc2009.
300 _a164 p. :
_bill. ;
_c21 cm.
500 _aIncludes appendices and bibliographical references.
521 _aGE
650 _aPlanning in children.
942 _kFOR
_cBK
999 _c118210
_d118210